Digital Wireless Communication Hardware Co-Simulation (DWCHCS) / (Record no. 611740)
[ view plain ]
| 000 -LEADER | |
|---|---|
| fixed length control field | 00908nam a22001817a 4500 |
| 003 - CONTROL NUMBER IDENTIFIER | |
| control field | NUST |
| 005 - DATE AND TIME OF LATEST TRANSACTION | |
| control field | 20260105180318.0 |
| 082 ## - DEWEY DECIMAL CLASSIFICATION NUMBER | |
| Classification number | 621.382,AUR |
| 100 ## - MAIN ENTRY--PERSONAL NAME | |
| Personal name | Aurangzeb, Haider |
| 9 (RLIN) | 125994 |
| 245 ## - TITLE STATEMENT | |
| Title | Digital Wireless Communication Hardware Co-Simulation (DWCHCS) / |
| Statement of responsibility, etc. | Haider Aurangzeb, Usama Kabir, Shahzeb Hashmat and Zain Ali. |
| 260 ## - PUBLICATION, DISTRIBUTION, ETC. | |
| Place of publication, distribution, etc. | Rawalpindi |
| Name of publisher, distributor, etc. | MCS (NUST) |
| Date of publication, distribution, etc. | 2024 |
| 300 ## - PHYSICAL DESCRIPTION | |
| Extent | 62 p.; |
| 505 ## - FORMATTED CONTENTS NOTE | |
| Formatted contents note | Introduction (Page-1), Literature Review (Page-9), Transmission of Signal (Page-15), Transmission of .jpeg File (Page-21), Transmission Of .wav File (Page-25), Implementation of Error Correction (Page-33), Implementation of Checksum (Page-36), Implementation of Channel Coding (Page-39), Receiving Unknown Digital Signals (Page-42), Conclusion (Page-45). |
| 650 ## - SUBJECT ADDED ENTRY--TOPICAL TERM | |
| Topical term or geographic name entry element | UG EE Project |
| 9 (RLIN) | 118090 |
| 651 ## - SUBJECT ADDED ENTRY--GEOGRAPHIC NAME | |
| Geographic name | BEE-57 |
| 9 (RLIN) | 125983 |
| 700 ## - ADDED ENTRY--PERSONAL NAME | |
| Personal name | Supervised by Dr. Faisal Akram |
| 9 (RLIN) | 132720 |
| 942 ## - ADDED ENTRY ELEMENTS (KOHA) | |
| Source of classification or shelving scheme | |
| Koha item type | Project Report |
| Withdrawn status | Lost status | Source of classification or shelving scheme | Damaged status | Not for loan | Permanent Location | Current Location | Shelving location | Date acquired | Full call number | Barcode | Date last seen | Price effective from | Koha item type | Public note |
|---|---|---|---|---|---|---|---|---|---|---|---|---|---|---|
| Military College of Signals (MCS) | Military College of Signals (MCS) | Reference | 09/23/2024 | 621.382,AUR | MCSPTC-481 | 09/23/2024 | 09/23/2024 | Project Report | Almirah No.70, Shelf No.3 |
